Semiconductor industry in China : 2013.
| Corporate Author: | |
|---|---|
| Format: | Book |
| Published: |
Beijing:
MATRADE Beijing,
2013.
|
| Series: | Product market study : 2013
|
| Subjects: |
| LEADER | 00487cam a2200145 7i4500 | ||
|---|---|---|---|
| 001 | 0000031928 | ||
| 005 | 20150115090000.0 | ||
| 090 | 0 | 0 | |a CHIN 621.38152 |b MAL |
| 110 | 2 | 0 | |a Malaysia External Trade Development Corporation (MATRADE) |
| 245 | 0 | 0 | |a Semiconductor industry in China : 2013. |
| 260 | 0 | 0 | |a Beijing: |b MATRADE Beijing, |c 2013. |
| 300 | # | # | |a 70 p. |
| 440 | 0 | 0 | |a Product market study : 2013 |
| 650 | 0 | 0 | |a Semiconductor industry -- |z China |
| 999 | |a 0000033422 |b Book |c Countries |e Business Information Centre | ||